000 00308nam a22001337a 4500
008 181015b xxu||||| |||| 00| 0 eng d
020 _a0849353149
041 _aeng
080 _a541
100 _a12
101 _aKIM
245 _aLiquid Membranes Chemical Applications
_cAraki.t
942 _2udc
_cBK
999 _c49666
_d49666